000 00290nam a2200109Ia 4500
008 200302s9999 xx 000 0 und d
100 _aFrank Jacobus
245 _aArchi Graphic an infographic look at architecture
260 _bLaurence King Publishing Ltd.,
260 _c2015
300 _a159
999 _c7384
_d7384